| 000 | 00411nam a22001457a 4500 | ||
|---|---|---|---|
| 008 | 150908b xxu||||| |||| 00| 0 eng d | ||
| 020 | _a039914463 | ||
| 050 | _aHF 637 .C4J64 | ||
| 100 |
_aJohnson,Spencer: _d1998 |
||
| 245 |
_aWho moved My Cheese/ _cSpencer Johnson: |
||
| 260 |
_aNew York; _bPutman's Sons, _c1998. |
||
| 300 | _a94p. | ||
| 650 | _aStory book. | ||
| 942 |
_2lcc _cBOOKS _hBF 637 .CJ464 _09 |
||
| 999 |
_c5241 _d5241 |
||